| 000 | 00465nam a2200169 4500 | ||
|---|---|---|---|
| 005 | 20260109113033.0 | ||
| 008 | 260109b |||||||| |||| 00| 0 eng d | ||
| 020 | _a978-93-5440-147-3 | ||
| 041 | _aEnglish | ||
| 082 |
_aX 920 TES _bB12144 |
||
| 100 |
_aTesla, Nikola _9216259 |
||
| 245 | _aMy Inventions : Autobiography of Nikola Tesla | ||
| 260 |
_aNew Delhi _bFingerprint Publishing _c2025 |
||
| 300 |
_a103p. _bpb |
||
| 365 |
_aRupaye _b139 _cINR |
||
| 942 | _cBK | ||
| 999 |
_c369805 _d369805 |
||